Chudožestvennaja proza Tom četvertyj

Bibliographic Details
Main Author: Puškin, Aleksandr Sergejevič, 1799-1837 (Author)
Format: Book
Language:English
PhysicalDescription:493 s.
Published: Moskva Gosudarstvennoje izdateľstvo chudožestvennoj literatury 1949

MARC

LEADER 00000nam a2200000 a 4500
001 vtls008425239
003 SK-MaSNL
005 20260302004317.0
008 240318 000 0 eng
040 |a SNK  |b slo  |c SNK  |e AACR2 
100 1 |a Puškin, Aleksandr Sergejevič,  |d 1799-1837  |4 aut  |9 16675 
245 1 0 |a Chudožestvennaja proza  |n Tom četvertyj 
260 |a Moskva  |b Gosudarstvennoje izdateľstvo chudožestvennoj literatury  |c 1949 
300 |a 493 s. 
999 |c 995402  |d 997332 
952 |a SNK  |b SNK  |y VYP  |7 0  |p 17A0495319  |o snkID 63321/4  |i snkK 516/75  |3 rekatalogizácia  |0 0  |1 0  |4 0  |d 2006-01-19  |l 0  |r 2026-02-24 12:02:14  |w 2026-02-24